000 00303nam a22001337a 4500
008 170413b xxu||||| |||| 00| 0 eng d
020 _a9780534546120
041 _aeng
080 _28th
_a612.39
100 _a10
101 _ashm
245 _aUNDERSTANDING NUTRITION
_cWHITNEY, E.S
942 _2udc
_cBK
999 _c10654
_d10654